| 000 | 00449nam a2200181Ia 4500 | ||
|---|---|---|---|
| 001 | 4514 | ||
| 005 | 20260306145801.0 | ||
| 008 | 260306t2005||||xx |||||||||||||| ||spa|| | ||
| 041 | _aESP | ||
| 082 |
_a323.6 _bCH548 |
||
| 100 |
_aChiaramonti, Gabriella _eAUT |
||
| 245 | 0 | _aCiudadanía y representación en el Perú (1808-1860) | |
| 260 | _c2005 | ||
| 300 |
_a408 páginas : _ccm. |
||
| 650 | _aGEN | ||
| 654 | _aCHU | ||
| 942 |
_cLIB _dJUS _fJUS _2ddc _n |
||
| 999 |
_c4514 _d4514 |
||